| 000 | 02106cam a22004694i 4500 | ||
|---|---|---|---|
| 003 | PE-LiUPU | ||
| 005 | 20250731173330.0 | ||
| 008 | 150625s2003 a rb 000 0 spa d | ||
| 020 | _a8481693715 | ||
| 035 | _a(Sirsi) i9788481693713 | ||
| 040 |
_aPE-LiUPU _bspa _cPE-LiUPU _erda |
||
| 049 | _aPRUA | ||
| 082 | 0 | 4 |
_a227.2 _bD68 _221 |
| 100 | 1 |
_aDíaz Rodelas, Juan Miguel, _eautor. |
|
| 245 | 1 | 0 |
_aPrimera carta a los corintios / _cJuan Miguel Díaz Rodelas. |
| 264 | 1 |
_aEstella, Navarra : _bVerbo Divino, _c2003. |
|
| 300 |
_a328 páginas : _bilustraciones ; _c24 centímetros |
||
| 336 |
_atext _2rdacontent |
||
| 337 |
_aunmediated _2rdamedia |
||
| 338 |
_avolume _2rdacarrier |
||
| 490 | 1 |
_aGuías de lectura del Nuevo Testamento ; _v7 |
|
| 504 | _aIncluye bibliografía. | ||
| 505 | 0 | _aIntroducción general. -Introducción epistolar (1, 1-9). -Las divisiones entre los corintios, un problema acuciante (1, 10-4,21). -Dos casos de inmoralidad y la resolución de litigios entre cristianos (5, 1-6,20). -Continencia, matrimonio y virginidad (7, 1-40). -Los idolotitos (8, 1-13). -Dos problemas relativos a las asambleas comunitarias (11, 2-34). -Sobre los dones espirituales (12, 1-14, 40). -La resurrección de los muertos (15, 1-58). -La colecta y algunas visitas (16-1-12). -Recomendaciones y saludos finales (16, 13-24). | |
| 526 | _aSEG42 | ||
| 526 | _aSEG41 | ||
| 526 | _aSEG40 | ||
| 526 | _aSEG39 | ||
| 526 | _aP94 | ||
| 526 | _aP87 | ||
| 526 | _aP86 | ||
| 526 | _aP85 | ||
| 526 | _aP77 | ||
| 526 | _aP76 | ||
| 526 | _aP35 | ||
| 630 |
_aBiblia. _pN.T. _pCorintios I _xComentarios. |
||
| 942 |
_2ddc _cBOOK |
||
| 949 |
_a227.2 D68 _wDEWEY _c1 _i59260 _d2015-10-1 _e2015-10-1 _lCCODEBUL1 _mBUL _n1 _r0 _sY _tBOOK _u2015-6-25 _xTEOLOGIA _PP35 _0COMPRA _o.STAFF. Colección Teología |
||
| 994 |
_aC0 _bPEPRU |
||
| 596 | _a1 | ||
| 999 |
_a227.2 D68 _wDEWEY _c48046 _i59260 _d48046 _e2018-5-23 _f2021-11-9 _g5 _lCCODEBUL1 _mBUL _n6 _p20.00 _q1 _r0 _sY _tBOOK _u2015-6-25 _xTEOLOGIA _PP35 _0COMPRA _o.STAFF. Colección Teología |
||
| 980 |
_81 _gALBERTO SANCHEZ Responsable de Automatización |
||